Jauregui (Record no. 16)

MARC details
000 - LÍDER
campo de control de longitud fija 01078nam a2200217Ia 4500
008 - ELEMENTOS DE DATOS DE LONGITUD FIJA - INFORMACIÓN GENERAL
campo de control de longitud fija 0000002003 ec ad 0000000000mul00
090 ## - NÚMERO DE LLAMADA DE TIPO LC LOCALMENTE ASIGNADO (OCLC)
Número de clasificación (OCLC) (R) PUS00 J18j
100 1# - ENTRADA PRINCIPAL - NOMBRE PERSONAL
Nombre de la persona Jauregui, Paul
Fechas asociadas a un nombre 1965
245 10 - TÍTULO DECLARACIÓN
Título Jauregui
Resto del título : tierra de gigantes = land of the giants
Declaración de responsabilidad / fotografía Jaime Guerra ; traducción Alicia Coloma De Reed.
260 ## - PUBLICACIÓN, DISTRIBUCIÓN
Lugar de publicación Quito : Luis Pérez Galeria
Fecha de publicación 2003
300 ## - DESCRIPCIÓN FÍSICA
Alcance 95 p.
Dimensiones / 27 cm.
500 ## - NOTA GENERAL
Nota general Artista nacido en Estados Unidos y nacionalizado en Ecuador \ Incluye cronología del artista \ Texto bilingue : español ingles \ Con el patronazgo del maestro venezolano Jesús Rafael Soto (q.e.p.d.)
501 ## - Con nota
Con nota Sobre la pintura de Paul Jauregui = In the paintings of Paul Jauregui / Patricio Romero y Cordero
600 00 - ENTRADA DE SUJETO AÑADIDO - NOMBRE PERSONAL
Nombre de la persona JAUREGUI, PAUL, 1965/
Subdivisión general TRABAJOS PICTORICOS
650 14 - ENTRADA DE SUJETO AÑADIDO - TÉRMINO TÓPICO
Término tópico o elemento de entrada del nombre geográfico ARTE CONTEMPORANEO ESTADOUNIDENSE
650 14 - ENTRADA DE SUJETO AÑADIDO - TÉRMINO TÓPICO
Término tópico o elemento de entrada del nombre geográfico ARTISTAS PLASTICOS ESTADOUNIDENSES
650 14 - ENTRADA DE SUJETO AÑADIDO - TÉRMINO TÓPICO
Subdivisión general CATALOGOS
650 14 - ENTRADA DE SUJETO AÑADIDO - TÉRMINO TÓPICO
Término tópico o elemento de entrada del nombre geográfico PINTORES ESTADOUNIDENSES
650 14 - ENTRADA DE SUJETO AÑADIDO - TÉRMINO TÓPICO
Término tópico o elemento de entrada del nombre geográfico PINTURA ESTADOUNIDENSE
700 1# - ENTRADA AGREGADA - NOMBRE PERSONAL
Nombre de la persona Pérez, Luis \ Guerra, Jaime \ Coloma de Reed, Alicia, tr.
Holdings
Estado de retirada Pérdida de estatus Estado dañado No para préstamo Código de recogida Ubicación permanente Ubicación actual Ubicación de las estanterías Fecha de adquisición Número de llamada completo Código de barras Fecha de la última vez que se vio Número de copia Precio efectivo desde Tipo de artículo Koha
        General ArtNexus ArtNexus General 06/09/2022 P-US-00 J18J 16 06/09/2022 Ej.1 06/09/2022 Libro

Powered by Koha